000 00417nam a2200193Ia 4500
005 20251020182544.0
008 200515s9999 xx 000 0 und d
082 _a747:37/B84
100 _aBROTO, Carles
245 0 _aEducation and culture
260 _aBarcelona
260 _c1998
300 _a239
500 _a1 ejemplar
650 _aDECORACION
650 _aEDUCACION
650 _aLIB
942 _cLIB
999 _c2504
_d2504